000 00323nam a2200133Ia 4500
005 20260328104253.0
008 260328s9999||||xx |||||||||||||| ||und||
100 _aLloyd Wright, Olgivanna
245 0 _aOur House /
_cOlgivanna Lloyd Wright
260 _bHorizon
300 _a308 p.
650 _aARQUITECTOS
942 _cBK
999 _c10316
_d10316